| 000 | 00681cab a2200205 4500 | ||
|---|---|---|---|
| 001 | WB2719-50 | ||
| 008 | 090401t1991 xxu||||| |||| 00| 0 eng d | ||
| 035 | _a(Sirsi) u74216 | ||
| 041 | _aeng | ||
| 245 | _aEmpty buildings should go free | ||
| 260 | _c1991 | ||
| 350 | _a0 | ||
| 490 |
_aEstates Times _vno 1095 10/5/91 p1&8 |
||
| 520 | _aRating experts believe other developers will follow the example of Wates City of London which has gutted 30,000 sq ft of surplus space in Winchester House EC2 to avoid paying empty rates . | ||
| 650 | _aUNFIT FOR OCCUPATION | ||
| 650 | _aUNIFORM BUSINESS RATE | ||
| 690 | _aRATING AND VALUATION | ||
| 942 | _n0 | ||
| 948 | _c04/03/1997 | ||
| 999 |
_c46849 _d46849 |
||